000 00622cam a22001457a 4500
008 180718b-- xxu||||| |||| 00| 0 eng d
082 _aA81x54 91/7/PT 5A & 5B/D
100 _aCensus of India 1991
245 _aGujarat: migration tables
260 _aDelhi
_bThe Controller of Publications
_c--
300 _a3vols.
440 _aCensus of India 1991. Series-7, Gujarat. Part VA & VB - D series
500 _aContents: v.1. Tables D-1, D-2, D-3 and D-4;v.2. Tables D-5, D-6, D-7, D-8, D-9, D-10, D-11(S), D-11(F), D-12, D-13, D-14, D-15, D-16A and D-16B;v.3. Table D-17
650 _aGujarat - Migration, Internal - Gujarat
999 _c489194
_d489194